লোডিং...

Introduction to linear algebra.

গ্রন্থ-পঞ্জীর বিবরন
প্রধান লেখক: Schay, Geza
বিন্যাস: Printed Book
ভাষা:English
প্রকাশিত: Chennai: Narosa, 1997.
বিষয়গুলি:
LEADER 00491nam a22001577a 4500
003 OSt
008 100930t xxu||||| |||| 00| 0 eng d
080 |a 512.64  |b SCH 
100 |a Schay, Geza  |9 7840 
245 |a Introduction to linear algebra.  |c Geza Schay 
260 |a Chennai:  |b Narosa,  |c 1997. 
300 |a ix, 303p. 
653 |a Algebra, linear. 
942 |c BK  |6 _ 
999 |c 220716  |d 220716 
952 |0 0  |1 0  |4 0  |6 51264_SCH  |7 0  |9 285547  |a MAT  |b MAT  |d 2010-09-30  |o 512.64 SCH  |p MAT06674  |r 2010-09-30  |t 1  |w 2010-09-30  |y BK